000 00274nam a2200133Ia 4500
100 _aRavish R Singh
250 _a3
942 _cBK
245 _aBasic Electrical Engineering
260 _bMcGraw Hill
_c2019
082 _a621.392
_bRAV
546 _aENGLISH
999 _c25692
_d25692